[Event "AUTO-OPEN-795"]
[Site "http://www.queenalice.com/game.php?id=258793"]
[Date "2007.8.21"]
[Round "1"]
[White "sabaku_no_gaara"]
[Black "dante72"]
[Result "0-1"]
[WhiteElo "1175"]
[BlackElo "1876"]

1. d4 d5 2. Nc3 e6 3. Nf3 Bb4 4. Bd2 Nc6 5. a3 Bxc3 6. Bxc3 f5 7. e3 a6 8. g3
Nf6 9. Bg2 O-O 10. O-O Ne7 11. Re1 Ng6 12. Ne5 Nxe5 13. dxe5 Ne4 14. Bxe4 fxe4
15. Bb4 Rf7 16. b3 b6 17. a4 c5 18. Ba3 Qg5 19. h4 Qxe5 20. c4 Bb7 21. b4 d4 22.
bxc5 bxc5 23. exd4 cxd4 24. Rc1 e3 25. Kh2 Rxf2+ 26. Kg1 Qxg3# 0-1

[Event "AUTO-BEG-131"]
[Site "http://www.queenalice.com/game.php?id=259414"]
[Date "2007.8.22"]
[Round "1"]
[White "eldalai"]
[Black "sabaku_no_gaara"]
[Result "1-0"]
[WhiteElo "1310"]
[BlackElo "1187"]

1. e4 d5 2. d3 dxe4 3. dxe4 Nc6 4. Nc3 Nf6 5. Bf4 Bg4 6. f3 Qxd1+ 7. Kxd1 O-O-O+
8. Bd3 Be6 9. Nb5 a6 10. Nxc7 Nh5 11. Nxe6 fxe6 12. Be3 e5 13. a4 Nf6 14. Ra3 e6
15. Rb3 Nd4 16. Rc3+ Nc6 17. Kc1 Bb4 18. Rb3 a5 19. Nh3 Nd4 20. Bxd4 exd4 21.
Nf4 e5 22. Ne6 Rd6 23. Nxg7 Ne8 24. Nf5 Rg8 25. Ne7+ 1-0

[Event "AUTO-BEG-131"]
[Site "http://www.queenalice.com/game.php?id=259415"]
[Date "2007.8.22"]
[Round "1"]
[White "sabaku_no_gaara"]
[Black "eldalai"]
[Result "0-1"]
[WhiteElo "1098"]
[BlackElo "1286"]

1. e4 e5 2. Bc4 Nf6 3. Nf3 d6 4. d4 Nxe4 5. dxe5 dxe5 6. Nxe5 Bd6 7. f3 Ng5 8.
Bxg5 Qxg5 9. Ng4 Nc6 10. Nc3 Kd7 11. Bxf7 Qe7+ 12. Ne4 Qxf7 13. Nxd6 cxd6 14.
Qd2 Re8+ 15. Ne3 d5 16. O-O-O d4 17. Ng4 Qxa2 18. Qf4 Re2 19. g3 Qa1# 0-1

[Event "AUTO-BEG-131"]
[Site "http://www.queenalice.com/game.php?id=259424"]
[Date "2007.8.22"]
[Round "1"]
[White "ERYCA"]
[Black "sabaku_no_gaara"]
[Result "1-0"]
[WhiteElo "1476"]
[BlackElo "1175"]

1. e4 d5 2. exd5 Qxd5 3. Nc3 Qe6+ 4. Be2 Nf6 5. Nf3 g6 6. O-O Bg7 7. b3 Nc6 8.
Bb2 Ne5 9. Re1 b6 10. Nxe5 Ne4 11. Nxe4 Bb7 12. Nd3 Bxb2 13. Nxb2 O-O-O 14. Bg4
f5 15. Ng3 fxg4 16. Rxe6 1-0

[Event "AUTO-BEG-131"]
[Site "http://www.queenalice.com/game.php?id=259425"]
[Date "2007.8.22"]
[Round "1"]
[White "sabaku_no_gaara"]
[Black "ERYCA"]
[Result "0-1"]
[WhiteElo "1167"]
[BlackElo "1554"]

1. e4 c5 2. Nc3 Nc6 3. Bb5 a6 4. Bxc6 bxc6 5. Nf3 g6 6. d4 cxd4 7. Nxd4 Bg7 8.
Bf4 e5 9. Bxe5 Bxe5 10. O-O Nf6 11. f4 Bxd4+ 12. Qxd4 O-O 13. e5 Ng4 14. Qd6 Qh4
15. Rfe1 Qxh2+ 16. Kf1 Qxf4+ 17. Ke2 Qf2+ 18. Kd3 a5 19. Re2 Ba6+ 20. Kd2 Bxe2
21. Nxe2 Qe3+ 22. Ke1 Nxe5 23. Rd1 Rae8 24. Qd2 Qb6 25. b3 Nc4 26. Qxd7 Qg1# 0-1

[Event "Challenge"]
[Site "http://www.queenalice.com/game.php?id=276694"]
[Date "2007.9.25"]
[Round "-"]
[White "Agronopoulus"]
[Black "sabaku_no_gaara"]
[Result "1-0"]
[WhiteElo "1851"]
[BlackElo "1171"]

1. e4 c5 2. Nf3 Nc6 3. d4 Nf6 4. Nc3 b6 5. dxc5 bxc5 6. Bb5 Bb7 7. O-O g6 8. Be3
d6 9. Qd2 Bg7 10. Rad1 O-O 11. e5 dxe5 12. Bxc5 Nd7 13. Qxd7 Qxd7 14. Rxd7 Bc8
15. Rc7 e4 16. Bxc6 Rb8 17. Nxe4 1-0

[Event "AUTO-OPEN-860"]
[Site "http://www.queenalice.com/game.php?id=284105"]
[Date "2007.10.10"]
[Round "1"]
[White "RJGF"]
[Black "sabaku_no_gaara"]
[Result "1-0"]
[WhiteElo "1699"]
[BlackElo "1192"]

1. e4 c5 2. Nf3 Nc6 3. d4 cxd4 4. Bc4 e5 5. c3 dxc3 6. Nxc3 Bb4 7. Qb3 Qe7 8.
O-O Nf6 9. Nd5 Nxd5 10. Bxd5 a5 11. Ng5 Nd8 12. a3 Bc5 13. Kh1 f6 14. Nf3 Nc6
15. Be3 Bxe3 16. fxe3 Rb8 17. Rac1 d6 18. Bxc6+ Kf8 19. Ng5 1-0

[Event "AUTO-OPEN-860"]
[Site "http://www.queenalice.com/game.php?id=284106"]
[Date "2007.10.10"]
[Round "1"]
[White "sabaku_no_gaara"]
[Black "RJGF"]
[Result "0-1"]
[WhiteElo "1194"]
[BlackElo "1677"]

1. c4 e5 2. Nc3 Nf6 3. d3 Bb4 4. Bd2 O-O 5. Ne4 Bxd2+ 6. Qxd2 Nc6 7. Qe3 Nd4 8.
Rc1 d5 9. Nxf6+ Qxf6 10. cxd5 Qb6 11. g3 Qxb2 12. Rxc7 Qb1+ 0-1

[Event "AUTO-OPEN-860"]
[Site "http://www.queenalice.com/game.php?id=284134"]
[Date "2007.10.10"]
[Round "1"]
[White "sabaku_no_gaara"]
[Black "motz"]
[Result "0-1"]
[WhiteElo "1190"]
[BlackElo "1785"]

1. c4 e5 2. Nc3 Nf6 3. d3 d5 4. Bg5 Be7 5. cxd5 Nxd5 6. Bxe7 Nxe7 7. Nf3 Nbc6 8.
g3 O-O 9. Bg2 Bf5 10. O-O Ng6 11. e4 Bg4 12. Rc1 Nd4 13. a4 c6 0-1

[Event "AUTO-OPEN-860"]
[Site "http://www.queenalice.com/game.php?id=284153"]
[Date "2007.10.10"]
[Round "1"]
[White "sabaku_no_gaara"]
[Black "The_Undertaker"]
[Result "0-1"]
[WhiteElo "1162"]
[BlackElo "1459"]

1. c4 e5 2. Nc3 Nc6 3. b3 Qf6 4. Bb2 Bc5 5. Ne4 Qe7 6. Nxc5 Qxc5 7. g3 d6 8. Bg2
Nf6 9. d3 Ng4 10. Nh3 Qb4+ 11. Qd2 Qxd2+ 12. Kxd2 Nxf2 13. Nxf2 O-O 14. h4 Bf5
15. Bh3 Bxh3 16. Nxh3 h6 17. Ke3 Nb4 18. Ba3 Nc2+ 0-1

[Event "AUTO-OPEN-860"]
[Site "http://www.queenalice.com/game.php?id=284154"]
[Date "2007.10.10"]
[Round "1"]
[White "The_Undertaker"]
[Black "sabaku_no_gaara"]
[Result "1-0"]
[WhiteElo "1455"]
[BlackElo "1166"]

1. e4 Nc6 2. Nc3 d6 3. Bb5 Bd7 4. Qf3 Nf6 5. Bxc6 Bxc6 6. d4 e5 7. d5 Bd7 8. h3
Be7 9. Qg3 O-O 10. Bh6 Nh5 11. Qf3 gxh6 12. Qxh5 Bg5 13. h4 Bf6 14. Qxh6 Bg7 15.
Qg5 Qxg5 16. hxg5 1-0

[Event "AUTO-BEG-147"]
[Site "http://www.queenalice.com/game.php?id=285398"]
[Date "2007.10.12"]
[Round "1"]
[White "sabaku_no_gaara"]
[Black "MWinter"]
[Result "0-1"]
[WhiteElo "1187"]
[BlackElo "1316"]

1. e4 c6 2. Nc3 d5 3. exd5 cxd5 4. d4 Nf6 5. Bg5 e6 6. Qd2 Be7 7. O-O-O O-O 8.
Nf3 a5 9. Bd3 Bd7 10. Bxf6 Bxf6 11. Ne5 Nc6 12. Rhe1 Nb4 13. Nb5 Nxd3+ 14. cxd3
Bxb5 0-1